00545nam a2200121Ia 4500008004100000040001300041084002300054100001400077245015300091260004400244300002100288650011400309220325s9999 xx 000 0 und d aID-SmMUS a75535 YUW Gov Th.1 aYuwelsoni 0aPemanfaatan Elektronik Goverment dalam Meningkatakan Disiplin Pegawai (Studi Kasus Penggunaan Absensi Elektronik di Kantor Bupati Kabupaten Malinau) aSamarindabUniversitas Mulawarmanc2016 axiv + 92 halaman aTheses (Skripsi, Tesis, Disertasi)eT-H-EvSkripsi-PINxSkripsi-PIN-2016-DigitalyMeningkatkan Disiplin Kerja